000 00696nam a2200193Ia 4500
003 GCL
008 140319s9999 xx 000 0 ara d
040 _aGCL /
_cGCL
082 0 4 _a025.17
_bى ت
100 1 _aياسر يوسف عبدالمعطى
245 1 0 _aتنمية المجموعات فى المكتبات ومراكز المعلومات /
_cياسر يوسف عبدالمعطى
300 _a172 ص
490 _aالمعلومات والحاسب الالكترونى
_v0
650 0 4 _aمراكز المعلومات
650 0 4 _aالمكتبات - تخطيط
650 0 4 _aالمكتبات - تنظيم وادارة
650 0 4 _aالتزويد ( مكتبات )
942 _2ddc
_cBK
999 _c51852
_d51852